| 000 | 00477nam a22001817a 4500 | ||
|---|---|---|---|
| 003 | MPLRDC | ||
| 005 | 20220104114508.0 | ||
| 008 | 210129b ||||| |||| 00| 0 eng d | ||
| 020 | _a7-5059-2135-5 | ||
| 082 | _a628.63 DFM | ||
| 100 | _a东方明 | ||
| 245 |
_a台湾特工在大陆 _c |
||
| 250 | _a一版一刷 | ||
| 260 |
_a _b中国文联出版公司 _c1995 |
||
| 300 | _b平 | ||
| 650 | _a中国现代史; 民国史--国民政府迁台以后 | ||
| 942 |
_cBK _o628.63 DFM |
||
| 999 |
_c7924 _d7914 |
||